| 000 | 00429nam a2200157 a 4500 | ||
|---|---|---|---|
| 001 | 4254 | ||
| 003 | CDMR | ||
| 005 | 20151016130001.0 | ||
| 008 | 130130s2009||||||||||||||||||||||||||||d | ||
| 020 | _a9788496855267 | ||
| 040 |
_aCDMR _bcat _cCPC LLEIDA |
||
| 110 |
_91020 _aUniversitat de Lleida |
||
| 245 | 0 | _aConstruccions líriques Man Ray, Leandre Cristòfol | |
| 260 |
_aLleida _c2009 _bMuseu d'Art Jaume Morera |
||
| 942 |
_cMON _2ddc |
||
| 999 |
_c4254 _d4254 |
||